1127 1457 1476 1587 1354 1969 1840 1528 1460 1001 1248 1695 1735 1696 1236 1290 1175 1155 1259 1360 1443 1963 1436 1657 1965 1989 1460 1158 1955 1894 1350 1555 1931 1178 1452 1804 1868 1178 1256 1199 1493 1433 1871 1148 1446 1017 1225 1322 1282 1346 1038 1631 1916 1209 1644 1392 1597 1090 1417 1293 1281 1659 1884 1663 1482 1901 1159 1426 1340 1247 1044 1121 1464 1108 1451 1744 1714 1239 1384 1763 1912 1386 1195 1146 1448 1520 1032 1134 1854 1377 1645 1036 1524 1956 1178 1774 1381 1160 1973 BCNSPRNW ULIB Ver.6.0+V

เปลี่ยนเป็นภาษาไทย

Change to English
 แสดงรายละเอียดบรรณานุกรม
  กลับหน้าหลัก

Brief Record : Get Marc (ISO 2709) : E-mail record : QR code < ปิดหน้าต่าง
LEADER : 00000nam 2200000uu 4500
001    13399111383
003     ULIB
008    110623s2007||||th 000 0 eng d
020    9781405319294 (pbk.)
060 04 WQ200^bL487p 2007
100 1  Lees, Christoph
245 10 Pregnancy :^bquestions & answers /^cChristoph Lees,Grainne McCartan
250    Rev. ed., updated
260    London :^bDK,^c2007
300    264 p.:^bcol.ill. ;^c24 cm.
500    Includes index
650  0 Childbirth^vMiscellanea
650  0 Newborn infants^xCare^vMiscellanea
650  0 Pregnancy^vMiscellanea
700 1  McCartan, Grainne
945    ^p0^l0^i029042
995     Kesorn
999 ^a ใช้งานได้ทุกระบบ
รายการนี้ยังไม่มีแท็ก
คุณยังไม่ได้ล็อกอิน คุณสามารถมีกิจกรรมร่วมกับเว็บไซต์ได้ แต่ต้องล็อกอินก่อน ::
  ล็อกอิน

รายการสื่อสารสนเทศ

ลำดับที่ ประเภท เลขเรียก/บาร์โค้ด สถานที่ สถานะ
- ไม่พบข้อมูล -

BibComment


ยังไม่เคยถูกคอมเมนท์

คอมเมนท์ทรัพยากรรายการนี้
  คอมเมนท์: Pregnancy questi..


 Copyright 2026. Bcnsprnw @Library